00298nam a2200109Ia 4500008004100000040001700041041001200058082001800070245003900088260004600127300001500173230917s9999||||xx |||||||||||||| ||und|| e184334aMAIN aEnglish a343.0929 E25E 0aElectricity Act, 2003 (36 of 2003) aNew DelhibUniversal Law Publishingc2004 axiv, 90 p.